000
00290nam a2200097Ia 4500
008
241105s9999 xx 000 0 und d
041
_a
eng
100
_a
Raisoni Sailee
_9
182493
245
_a
Energy Efficient Artificial Lighting For Apparel Stores
260
_b
M.Arch Environmental, Pune
_c
2013
999
_c
360782
_d
360782